Statistiche per Completa l'Inno di Mameli

Clicka qui per fare il quiz!

Statistiche generali

  • Questo quiz è stato fatto 23 volte
  • Il punteggio medio è 9 su 19

Statistiche sulle risposte

TestoParola mancante% Corretto
Ché schiava di ____
Iddio la creò
Roma
100%
S’è cinta la testa.
Dov’è la ______?
Le porga la chioma
Vittoria
100%
Fratelli d’Italia
L’Italia s’è desta,
Dell’elmo di ______
Scipio
95%
Stringiamci a coorte
Siam pronti alla morte
L’Italia chiamò

Noi fummo da secoli
Calpesti, _____,
Derisi
55%
Rivelano ai Popoli
Le vie del _______;
Signore
55%
Perché non siam _____,
Perché siam divisi.
Popolo
50%
Di fonderci ______
Già l’ora suonò.
Insieme
45%
Giuriamo far libero
Il suolo ____:
Natio
45%
Stringiamci a coorte
Siam pronti alla morte
L’Italia chiamò.

Uniamoci, amiamoci,
l’______, e l’amore
Unione
45%
I bimbi d’Italia
Si chiaman ______
Balilla
40%
Uniti per ___
Chi vincer ci può?
Dio
35%
Raccolgaci un’unica
Bandiera, una ____:
Speme
35%
Bevé, col ______,
Ma il cor le bruciò.
Stringiamci a coorte
Siam pronti alla morte
L’Italia chiamò.
Cosacco
30%
Stringiamci a coorte
Siam pronti alla morte
L’Italia chiamò.

Dall’Alpi a Sicilia
Dovunque è _______
Legnano
30%
Il sangue d’Italia,
Il sangue ______,
Polacco
30%
Già l’Aquila d’______
Le penne ha perdute.
Austria
25%
Ogn’uom di ________
Ha il core, ha la mano
Ferruccio
20%
Stringiamci a coorte
Siam pronti alla morte
L’Italia chiamò.

Son giunchi che piegano
Le ____ vendute:
Spade
20%
Il suon d’ogni squilla
I ______ suonò.
Vespri
20%

Distribuzione punteggi

Percentile per numero di risposta

Percentuale di utenti per punteggio

I tuoi punteggi nel tempo

Non hai fatto questo quiz